| 000 | 00505nam a2200181Ia 4500 | ||
|---|---|---|---|
| 999 |
_c1687 _d1687 |
||
| 003 | OSt | ||
| 005 | 20200922140701.0 | ||
| 008 | 190216s9999||||xx |||||||||||||| ||und|| | ||
| 020 | _a8120410459 | ||
| 040 | _coclc | ||
| 082 |
_a581.0724 _bISL/P |
||
| 100 |
_aIslam, A S _94813 |
||
| 245 | 0 |
_aPlant Tissue Culture / _cA S Islam |
|
| 260 |
_bOxford And IBH Publishing, _aNew Delhi: _c1997. |
||
| 300 | _a231p | ||
| 650 | _aBotany | ||
| 942 |
_cBK _2ddc _h581.0724 _iISL/P _k581.0724 _mISL/P |
||